000 00589cam a2200193 a 4500
020 _a080310927X
040 _cDLC
082 0 0 _a621 AST 1986 A047 Or.
245 0 0 _aFatigue in mechanically fastened composite and metallic joints :
_ba symposium /
260 _aPhiladelphia, PA :
_bASTM,
_cc1986.
300 _a298 p. :
_bill. ;
_c24 cm.
500 _a"ASTM publication code number (PCN) 04-927000-30."
650 0 _aJoints (Engineering)
650 0 _aComposite materials
650 0 _aMetals
700 1 _aPotter, John M.,
710 2 _aASTM Committee E-9 on Fatigue.
942 _cEK
999 _c13539
_d13539